000 00466nam a2200169Ia 4500
999 _c14864
_d14864
003 OSt
005 20201027121029.0
008 190216s9999||||xx |||||||||||||| ||und||
020 _a9780144000333
040 _coclc
082 _a823.9222
_bNAI/M
100 _aNair, Anita
_95333
245 0 _aMistress /
_cAnita Nair
260 _bPenguin Books ,
_c2005.
_aNew Delhi:
300 _a428p
942 _cBK
_2ddc
_h823.9222
_iNAI/M
_k823.9222
_mNAI/M